| 000 | 00656nam a22001817a 4500 | ||
|---|---|---|---|
| 999 |
_c5655 _d5655 |
||
| 008 | 161115b xxu||||| |||| 00| 0 eng d | ||
| 020 | _a978-971-9656-16-6 | ||
| 082 |
_22015 _aDFil 375.001 _bR33c |
||
| 100 |
_917361 _aReyes, Emerita. _eauthor. |
||
| 245 |
_aCurriculum development/ _cEmerita Reyes, Erlinda Dizon and Danilo K. Villena. |
||
| 260 |
_aQuezon City: _bAdriana Publishing Co., Inc., _cc2015. |
||
| 300 |
_axiii, 218 pages; _c26 cm. |
||
| 500 | _aIncludes bibliographical references. | ||
| 650 | 0 |
_917364 _aCurriculum development. |
|
| 700 |
_917362 _aDizon, Erlinda. _eauthor. |
||
| 700 |
_917363 _aVillena, Danilo K. _eauthor. |
||
| 942 |
_2ddc _cDFIL |
||